000 00648nam a22002417a 4500
003 UA-OsUOA
001 94011
007 ta
008 20130204b un ||||| |||| 00| 0 ukr d
100 _aБолабольченко А.
090 _a821.161.2
_bБ79
942 _cBK
040 _aUA-OsUOA
_bukr
_cUA-OsUOA
_dUA-OsUOA
245 _aЖиттєві гони
_bпоезії, переклади
300 _a160 с.
955 _a3
041 _aukr
080 _a821.161.2
020 _a978-966-2031-17-9
260 _aК.
_b2008
_cЩек
650 7 _a82 Література. Літературознавство
_2UDC
999 _c380251
_d380251